|
|
|
|
| LEADER |
00000cam a2200000 7i4500 |
| 001 |
0000032916 |
| 005 |
20151222.0 |
| 008 |
120703 |
| 020 |
|
|
|a 9833566495 (Set)
|
| 020 |
|
|
|a 9833566570
|
| 090 |
0 |
0 |
|a JF
|b CT MAL
|
| 100 |
0 |
|
|a Zaidah Ibrahim
|
| 245 |
1 |
0 |
|a Hadiah tembikai emas
|c Zaidah Ibrahim
|
| 260 |
|
|
|a Selangor :
|b Anggun Pub ,
|c 2008
|
| 440 |
|
|
|a Koleksi cetera serantau
|
| 500 |
|
|
|a Children ages 7-9 years old (orange)
|
| 650 |
|
0 |
|a Folk literature, Malay
|
| 999 |
|
|
|a 0001136538
|b Book
|c Children Collection
|e Perbadanan Perpustakaan Awam Johor
|
| 999 |
|
|
|a 0001136539
|b Book
|c Children Collection
|e Perbadanan Perpustakaan Awam Johor
|
| 999 |
|
|
|a 0001136540
|b Book
|c Children Collection
|e Cawangan Bandar Penawar
|
| 999 |
|
|
|a 0001136541
|b Book
|c Children Collection
|e Perbadanan Perpustakaan Awam Johor
|
| 999 |
|
|
|a 0001136542
|b Book
|c Children Collection
|e Perbadanan Perpustakaan Awam Johor
|